一代藥學人的突圍 : (Record no. 7677)
[ view plain ]
| 000 -LEADER | |
|---|---|
| fixed length control field | 00815cam a22002772i 4500 |
| 001 - CONTROL NUMBER | |
| control field | 977484 |
| 003 - CONTROL NUMBER IDENTIFIER | |
| control field | YEEZEN |
| 005 - DATE AND TIME OF LATEST TRANSACTION | |
| control field | 20260106133955.0 |
| 008 - FIXED-LENGTH DATA ELEMENTS--GENERAL INFORMATION | |
| fixed length control field | 251013s2025 ch e 000 0 chi d |
| 020 ## - INTERNATIONAL STANDARD BOOK NUMBER | |
| International Standard Book Number | 9786264175364 |
| Qualifying information | (平裝) : |
| Terms of availability | NT$500 |
| 040 ## - CATALOGING SOURCE | |
| Original cataloging agency | CIP |
| Modifying agency | YMG |
| Language of cataloging | chi |
| Transcribing agency | YMG |
| 042 ## - AUTHENTICATION CODE | |
| Authentication code | nbic |
| 084 ## - OTHER CLASSIFICATION NUMBER | |
| Classification number | 525.833/101 |
| Number source | ncsclt |
| 090 ## - LOCALLY ASSIGNED LC-TYPE CALL NUMBER (OCLC); LOCAL CALL NUMBER (RLIN) | |
| Classification number (OCLC) (R) ; Classification number, CALL (RLIN) (NR) | 525.833/101 |
| Local cutter number (OCLC) ; Book number/undivided call number, CALL (RLIN) | 8923 |
| 100 1# - MAIN ENTRY--PERSONAL NAME | |
| Personal name | 朱乙真 |
| 245 10 - TITLE STATEMENT | |
| Title | 一代藥學人的突圍 : |
| Remainder of title | 北醫藥學的榮耀開創 / |
| Statement of responsibility, etc. | 朱乙真, 邵冰如, 陳培思, 黃筱珮著 |
| 250 ## - EDITION STATEMENT | |
| Edition statement | 第一版 |
| 260 ## - PUBLICATION, DISTRIBUTION, ETC. | |
| Place of publication, distribution, etc. | 臺北市 : |
| Name of publisher, distributor, etc. | 遠見天下文化, |
| Date of publication, distribution, etc. | 2025.08 |
| 300 ## - PHYSICAL DESCRIPTION | |
| Extent | 239面 : |
| Other physical details | 彩圖 ; |
| Dimensions | 23公分 |
| 610 27 - SUBJECT ADDED ENTRY--CORPORATE NAME | |
| Source of heading or term | lcstt |
| Corporate name or jurisdiction name as entry element | 臺北醫學大學 |
| Subordinate unit | 藥學系 |
| 650 #7 - SUBJECT ADDED ENTRY--TOPICAL TERM | |
| Source of heading or term | lcstt |
| Topical term or geographic name entry element | 人物志 |
| 700 1# - ADDED ENTRY--PERSONAL NAME | |
| Personal name | 邵冰如 |
| 700 1# - ADDED ENTRY--PERSONAL NAME | |
| Personal name | 陳培思 |
| 700 1# - ADDED ENTRY--PERSONAL NAME | |
| Personal name | 黃筱珮 |
| 942 ## - ADDED ENTRY ELEMENTS (KOHA) | |
| Source of classification or shelving scheme | 中文圖書分類法 |
| Koha item type | 一般圖書 |
| 撤銷狀態 | 遺失狀態 | 分類號來源 | 損壞狀態 | 不外借 | 永久館藏地 | 現在館藏地 | 書架位置 | 採購日期 | 全部借出 | 完整索書號 | 條碼號 | 最後一次日期記錄 | 一般價格有效日期 | Koha館藏類型 | 公開資訊 |
|---|---|---|---|---|---|---|---|---|---|---|---|---|---|---|---|
| 未註銷館藏 | 未遺失 | 中文圖書分類法 | 未損毀 | 可外借 | 怡仁綜合醫院圖書館 | 怡仁綜合醫院圖書館 | 2026-01-06 | 525.833/101 | C03263 | 2026-01-06 | 2026-01-06 | 一般圖書 | 在台灣製藥產業的發展歷程中,有一群人以藥學專業為基礎,勇於行動、持續突圍。他們不僅開創屬於自己的精采人生,也勾勒出台灣生技製藥產業的發展軌跡,更重新定義「藥學」的社會角色與產業責任。 |